00888nam a22001577a 4500003000400000005001700004008004100021020001800062100001700080245002200097260004900119300001500168500050200183650002300685650002200708OSt20251020171456.0251020b |||||||| |||| 00| 0 eng d a9789978482742 aSilvia Braun aLa cabeza de Juan aQuito-Ecuador bVelasquez & Velasquez c2013 a182c21 cm aEsta novela personifica en la cabeza las angustias y preocupaciones que embargan a Juan y a muchos niños y niñas pre-adolescentes durante su vida escolar: la acumulación de tareas escolares; las pruebas y exámenes; la competencia por las notas entre aquellos que buscan destacarse; la lucha entre lo correcto y la solidaridad debida a los compañeros; el desconcierto del corazón cuando cree que ama, al mismo tiempo, a varias personas; las exigencias de maestros y padres, entre otras. 2La cabeza de Juan  2Jugar y aprender